Ireland : Fiscal Transparency Assessment.

This paper discusses Ireland's Fiscal Transparency Assessment. The Irish government has ambitious plans to improve further the timeliness, quality, and comprehensiveness of its budgets, statistics, and accounts. Ireland has the capacity and information to bring its fiscal transparency practices...

Fuld beskrivelse

Bibliografiske detaljer
Institution som forfatter: International Monetary Fund. Fiscal Affairs Dept
Format: Tidsskrift
Sprog:English
Udgivet: Washington, D.C. : International Monetary Fund, 2013.
Serier:IMF Staff Country Reports; Country Report ; No. 2013/209
Online adgang:Full text available on IMF
LEADER 01750cas a2200241 a 4500
001 AALejournalIMF013749
008 230101c9999 xx r poo 0 0eng d
020 |c 5.00 USD 
020 |z 9781484303924 
022 |a 1934-7685 
040 |a BD-DhAAL  |c BD-DhAAL 
110 2 |a International Monetary Fund.  |b Fiscal Affairs Dept. 
245 1 0 |a Ireland :   |b Fiscal Transparency Assessment. 
264 1 |a Washington, D.C. :  |b International Monetary Fund,  |c 2013. 
300 |a 1 online resource (96 pages) 
490 1 |a IMF Staff Country Reports 
500 |a <strong>Off-Campus Access:</strong> No User ID or Password Required 
500 |a <strong>On-Campus Access:</strong> No User ID or Password Required 
506 |a Electronic access restricted to authorized BRAC University faculty, staff and students 
520 3 |a This paper discusses Ireland's Fiscal Transparency Assessment. The Irish government has ambitious plans to improve further the timeliness, quality, and comprehensiveness of its budgets, statistics, and accounts. Ireland has the capacity and information to bring its fiscal transparency practices into line with international best practice standards within a reasonable time frame, and at relatively modest additional cost. The Irish administration already incurs many of the fixed and ongoing costs associated with modern accrual-based accounting, and risk-based fiscal management. Fiscal reporting in Ireland is characterized by a high degree of disclosure but also a high degree of fragmentation. 
538 |a Mode of access: Internet 
830 0 |a IMF Staff Country Reports; Country Report ;  |v No. 2013/209 
856 4 0 |z Full text available on IMF  |u http://elibrary.imf.org/view/journals/002/2013/209/002.2013.issue-209-en.xml  |z IMF e-Library